| 000 | 00454nam a2200181Ia 4500 | ||
|---|---|---|---|
| 001 | 24821 | ||
| 005 | 20260414151109.0 | ||
| 008 | 260414t2008||||xx |||||||||||||| ||spa|| | ||
| 041 | _aESP | ||
| 082 |
_a346 _bD71 V. 4 |
||
| 100 |
_aDíez-Picazo, Luis _eAUT |
||
| 245 | 0 |
_aSistema de derecho civil : _bderecho de familia, derecho de sucesiones |
|
| 260 | _c2008 | ||
| 300 |
_a _c24 cm. |
||
| 650 | _aDER | ||
| 654 | _aCDE | ||
| 942 |
_cLIB _dJUS _fJUS _2ddc _n |
||
| 999 |
_c24821 _d24821 |
||